La Liga players 2024/25 - Statistics

General Stats
  • This quiz has been taken 70 times
  • The average score is 203 of 589
Answer Stats
Rank Player Positions Nationality Matches Goals Assists Clubs % Correct
2 Antoine Griezmann MF, FW 38 8 7
93%
28 Federico Valverde DF, MF, FW 36 6 4
93%
60 Luka Modrić MF 35 2 6
93%
39 Raphinha MF, FW 36 18 9
93%
181 Eric García DF, MF 29 2 3
90%
6 Joan García GK 38 0 0
90%
57 Lamine Yamal FW 35 9 13
90%
64 Pau Cubarsí DF 35 0 3
90%
140 Fran Garcia DF 31 0 2
88%
18 Julián Álvarez MF, FW 37 17 4
88%
76 Kylian Mbappé MF, FW 34 31 3
88%
87 Robert Lewandowski FW 34 27 2
88%
46 Alexander Sørloth DF, FW 35 20 2
86%
25 Álvaro García MF, FW 36 4 5
86%
507 Gonzalo García DF, MF, FW 3 0 1
86%
513 Pablo Garcia FW 3 0 0
86%
580 Papa Ba MF 1 0 0
86%
20 Pedri MF, FW 37 4 5
86%
40 Rubén García MF, FW 36 5 5
86%
516 Unai García DF 3 0 0
86%
198 Fermin López MF, FW 28 6 5
83%
199 Gerard Martín DF 28 1 3
83%
51 Iñaki Williams MF, FW 35 6 8
83%
30 Jan Oblak GK 36 0 0
83%
144 Jude Bellingham MF 31 9 8
83%
186 Nico Williams MF, FW 29 5 5
83%
171 Rodrygo MF, FW 30 6 5
83%
172 Thibaut Courtois GK 30 0 0
83%
111 Aurélien Tchouaméni DF, MF 32 0 0
81%
227 Carlos Martín MF, FW 26 2 2
81%
525 Diego Martín FW 2 0 0
81%
232 Hugo Álvarez DF, MF 26 4 3
81%
117 Iván Martín MF 32 1 1
81%
410 Jon Martin DF 13 0 1
81%
165 Mario Martín MF 30 0 1
81%
320 Yeray Álvarez DF 21 1 0
81%
178 Antonio Rüdiger DF 29 0 0
79%
332 Eduardo Camavinga DF, MF 19 1 2
79%
216 Ferrán Torres MF, FW 27 10 6
79%
201 Iñigo Martínez DF 28 0 4
79%
121 Jules Koundé DF 32 2 3
79%
42 Takefusa Kubo MF, FW 36 5 0
79%
1 Ante Budimir FW 38 21 4
76%
395 Ferland Mendy DF 14 0 1
76%
230 Frenkie de Jong DF, MF 26 2 2
76%
231 Gavi MF, FW 26 1 1
76%
541 Nobel Mendy DF 2 0 0
76%
440 Pablo Torre MF, FW 10 3 1
76%
137 Brahim Díaz MF, FW 31 4 2
74%
180 David López DF, MF 29 1 1
74%
524 David López DF 2 0 0
74%
4 Diego López MF, FW 38 8 5
74%
362 Fer López MF, FW #N/B 17 2 0
74%
182 Javi López DF, MF 29 0 0
74%
576 Luca de la Torre MF, FW 1 0 0
74%
125 Lucas Vázquez DF, MF, FW 32 1 5
74%
459 Marc-André ter Stegen GK 8 0 0
74%
63 Mikel Oyarzabal MF, FW 35 9 3
74%
581 Pau López GK 1 0 0
74%
412 Roberto López MF, FW 13 0 1
74%
425 Ronald Araújo DF 12 1 1
74%
132 Unai López MF 32 3 1
74%
173 Vinicius Júnior MF, FW 30 11 8
74%
109 Arnau Martinez DF, MF 32 2 2
71%
162 Iago Aspas MF, FW 30 10 5
71%
573 Javi Martínez MF, FW 1 0 0
71%
490 Ramón Martínez DF 5 1 0
71%
210 Toni Martínez FW 28 4 0
71%
463 Andriy Lunin GK 7 0 1
69%
194 Arda Güler MF, FW 28 3 4
69%
13 Dani Rodríguez MF, FW 37 4 7
69%
351 David Torres DF 18 0 0
69%
297 Endrick FW 22 1 0
69%
335 Jesus Vazquez DF, MF 19 0 0
69%
285 Raúl Asencio DF 23 0 1
69%
353 Ricardo Rodríguez DF, MF 18 0 1
69%
514 Rodri MF, FW 3 0 0
69%
517 Adrian Rodriguez GK 2 0 0
67%
292 Álvaro Rodríguez FW 22 2 0
67%
557 Arturo Rodríguez FW 1 0 0
67%
112 Conor Gallagher MF 32 3 3
67%
360 Damián Rodríguez MF 17 0 0
67%
561 Daniel Rodriguez FW 1 0 0
67%
473 James Rodríguez MF, FW 6 0 0
67%
31 Javi Rodríguez DF 36 3 2
67%
313 Jesus Rodríguez FW 21 2 0
67%
314 Kirian Rodríguez MF 21 0 3
67%
88 Rodrigo De Paul MF, FW 34 3 5
67%
319 Unai Simón GK 21 0 0
67%
553 Aitor Fernández GK 1 0 0
64%
106 Alejandro Balde DF 32 0 4
64%
457 Dani Carvajal DF 8 1 0
64%
559 Daniel Díaz MF 1 0 0
64%
464 David Alaba DF, MF 7 0 0
64%
5 Dodi Lukebakio MF, FW 38 11 2
64%
73 Giorgi Mamardashvili GK 34 0 0
64%
372 Iñaki Peña GK 16 0 0
64%
239 Pedro Díaz MF 26 3 0
64%
444 Álvaro Fernández GK 9 0 0
62%
357 Antony MF, FW 17 5 2
62%
156 Ayoze Pérez MF, FW 30 19 2
62%
27 Daniel Parejo MF 36 3 3
62%
417 Éder Militão DF 12 1 1
62%
363 Gerard Moreno MF, FW 17 3 2
62%
96 Giuliano Simeone MF, FW 33 2 6
62%
340 Kike Pérez MF, FW 19 2 0
62%
122 Koke MF 32 1 1
62%
36 Martín Zubimendi MF 36 2 1
62%
542 Pelayo Fernandez DF 2 0 0
62%
343 Roberto Férnandez FW 19 6 0
62%
221 Robin Le Normand DF 27 1 0
62%
260 Rubén Peña DF, MF, FW 25 0 0
62%
355 Valery Fernández DF, MF, FW 18 2 0
62%
24 Álex Remiro GK 36 0 0
60%
455 Ander Herrera MF 8 0 0
60%
10 Borja Iglesias FW 37 11 3
60%
214 Carles Pérez DF, MF, FW 27 3 0
60%
276 Dani Ceballos MF, FW 23 0 0
60%
247 Dani Olmo MF, FW 25 10 3
60%
159 Diego Llorente DF 30 2 0
60%
229 Francisco Perez MF, FW 26 0 0
60%
141 Hugo Duro MF, FW 31 11 2
60%
120 Juanlu Sánchez DF, MF 32 4 4
60%
164 Luis Pérez DF 30 0 0
60%
102 Marcos Llorente DF, MF, FW 33 2 4
60%
167 Nahuel Molina DF 30 0 3
60%
207 Nicolas Pépé MF, FW 28 3 6
60%
151 Pablo Barrios MF 31 1 4
60%
426 Sergi Gómez DF 12 0 0
60%
22 Sergio Herrera GK 37 0 0
60%
190 Vedat Muriqi FW 29 7 2
60%
389 Wojciech Szczęsny GK 15 0 0
60%
192 Yangel Herrera MF, FW 29 4 3
60%
93 Antonio Sánchez DF, MF, FW 33 0 0
57%
394 Dani Gómez FW 14 2 0
57%
3 David Soria GK 38 0 0
57%
527 Fabio González MF 2 0 0
57%
300 Isco MF, FW 22 9 8
57%
118 Iván Sánchez MF, FW 32 2 1
57%
252 Javi Sánchez DF 25 2 0
57%
575 José Carlos González DF 1 0 0
57%
101 Manu Sánchez DF, MF 33 1 0
57%
281 Marc Casado MF 23 1 3
57%
235 Moi Gómez MF, FW 26 0 0
57%
367 Peter González MF, FW 17 0 0
57%
21 Sergio Gómez DF, MF, FW 37 2 5
57%
131 Unai Gómez MF, FW 32 1 3
57%
354 Urko González MF 18 0 2
57%
589 Xavier Moreno FW 1 0 0
57%
107 Alex Baena MF, FW 32 7 9
55%
470 Ansu Fati MF, FW 6 0 0
55%
187 Oihan Sancet MF, FW 29 15 1
55%
38 Paulo Gazzaniga GK 36 0 0
55%
482 Andreas Christensen DF, MF 5 0 0
52%
70 Daley Blind DF, MF 34 0 2
52%
16 Iglesias DF, MF, FW 37 0 1
52%
218 José María Giménez DF 27 0 1
52%
123 Logan Costa DF 32 2 1
52%
388 Rui Silva GK 15 0 0
52%
129 Samu Costa MF 32 0 2
52%
273 Abel Ruiz FW 23 4 0
50%
136 Ángel Correa MF, FW 31 4 1
50%
48 Antonio Blanco MF 35 0 1
50%
275 Clément Lenglet DF 23 2 1
50%
330 Coba da Costa MF, FW 19 1 1
50%
115 Daniel Vivian DF 32 4 0
50%
138 Djené DF, MF 31 0 0
50%
266 Fábio Silva MF, FW 24 10 3
50%
568 Ferrán Ruiz MF 1 0 0
50%
364 Héctor Fort DF 17 0 0
50%
34 Johan Mojica DF 36 1 2
50%
237 Óscar de Marcos DF, FW 26 0 4
50%
152 Samuel Lino DF, MF, FW 31 3 4
50%
47 Andrei Ratiu DF, MF, FW 35 2 3
48%
391 Aridane Hernández DF 14 0 0
48%
519 Aritz Arambarri DF 2 0 0
48%
97 Ilaix Moriba MF, FW 33 1 1
48%
143 Javi Hernández DF 31 2 1
48%
384 Jesús Navas DF, FW 15 1 0
48%
62 Mauro Arambarri MF 35 10 0
48%
150 Nemanja Gudelj DF, MF 31 1 1
48%
7 Sergi Darder MF, FW 38 2 6
48%
554 Alberto Marí MF, FW 1 0 0
45%
45 Alberto Moleiro MF, FW 35 6 1
45%
154 Álex Suárez DF 30 0 0
45%
195 Arnaut Danjuma MF, FW 28 4 0
45%
311 Denis Suárez MF, FW 21 1 1
45%
15 Florian Lejeune DF, MF 37 2 3
45%
29 Gorka Guruzeta FW 36 7 2
45%
124 Loïc Bade DF 32 1 1
45%
512 Marc Bernal MF 3 0 0
45%
103 Pathé Ciss DF, MF 33 4 1
45%
23 Álex Berenguer DF, MF, FW 36 6 7
43%
212 Brais Méndez MF, FW 27 3 2
43%
94 Christantus Uche MF, FW 33 4 6
43%
113 Cristhian Stuani MF, FW 32 11 2
43%
249 Giovani Lo Celso MF, FW 25 8 3
43%
428 Hamari Traoré DF 11 0 1
43%
53 Javi Puado MF, FW 35 12 4
43%
126 Marko Dmitrović GK 32 0 0
43%
80 Oliver McBurnie FW 34 3 6
43%
153 Sandro Ramírez MF, FW 31 9 3
43%
328 Benito Ramírez DF, MF, FW 19 0 0
40%
71 Domingos André Ribeiro Almeida MF, FW 34 0 4
40%
279 José Luis Gayà DF, MF 23 0 1
40%
365 Luiz Lúcio Reis Júnior GK 17 0 0
40%
82 Óscar Mingueza DF, MF 34 4 6
40%
91 Yeremi Pino MF, FW 34 4 7
40%
8 Aimar Oroz MF, FW 37 5 4
38%
9 Alex Král MF 37 0 1
38%
68 Carlos Romero DF 34 2 1
38%
349 Chuky san jose MF 18 2 0
38%
14 Enzo Boyomo DF 37 2 0
38%
569 Fran GK 1 0 0
38%
277 Iker Muñoz MF 23 0 1
38%
142 Isaac Romero FW 31 4 2
38%
250 Iván Balliu DF 25 0 0
38%
32 Javier Guerra MF 36 3 3
38%
54 Javier Muñoz DF, MF 35 1 3
38%
251 Javi Galán DF 25 0 3
38%
202 Johnny Cardoso MF 28 3 1
38%
55 Jon Aramburu DF 35 1 1
38%
119 Jon Moncayola DF, MF 32 0 0
38%
338 Juan Foyth DF, MF 19 1 0
38%
56 Kiké MF, FW 35 13 0
38%
476 Luka Romero MF, FW 6 0 0
38%
81 Omar Alderete DF 34 1 0
38%
169 Pablo Maffeo DF 30 0 2
38%
378 Rodrigo Riquelme DF, MF, FW 16 0 1
38%
271 Saúl Ñíguez DF, MF 24 1 6
38%
308 Aihen Muñoz DF 21 0 0
36%
274 Aitor Paredes DF 23 3 0
36%
309 Álex Muñoz DF 21 3 0
36%
110 Augusto Batalla GK 32 0 0
36%
244 Cédric Bakambu FW 25 2 2
36%
12 Cristhian Mosquera DF 37 1 0
36%
114 Cyle Larin FW 32 7 2
36%
160 Djibril Sow MF 30 2 1
36%
217 Jasper Cillessen GK 27 0 0
36%
497 Jesús Vallejo DF 4 0 1
36%
149 Natan DF 31 1 1
36%
168 Ørjan Nyland GK 30 0 0
36%
317 Pau Victor FW 21 2 1
36%
86 Renato Tapia DF, MF 34 1 0
36%
41 Sergi DF 36 2 0
36%
89 Seydouba Cissé MF 34 3 1
36%
548 Víctor Muñoz DF, FW 2 0 0
36%
26 Antonio Raillo DF 36 2 0
33%
392 Axel Witsel DF, MF 14 0 1
33%
243 Bryan Gil DF, MF, FW 25 3 3
33%
69 César Tárrega DF 34 2 0
33%
99 Leandro Cabrera DF 33 4 2
33%
183 Luka Sučić MF 29 1 1
33%
185 Miguel Gutiérrez DF, MF 29 1 5
33%
166 Mika Mármol DF 30 0 1
33%
37 Omar El Hilali DF, MF 36 0 2
33%
84 Pape Gueye DF, MF 34 4 0
33%
325 Rafa Mir MF, FW 20 1 2
33%
387 Raúl Albiol DF 15 0 0
33%
67 Thierno Barry FW 35 11 4
33%
491 Thomas Lemar MF, FW 5 0 0
33%
305 Vitor Roque FW 22 4 0
33%
551 Adu Ares MF, FW 1 0 0
31%
155 Ander Barrenetxea DF, MF, FW 30 1 3
31%
11 Carlos Vicente MF, FW 37 5 5
31%
116 Dimitri Foulquier DF, MF 32 0 1
31%
161 Enzo Barrenechea MF 30 1 2
31%
72 Fran Beltrán MF, FW 34 2 1
31%
570 Gorka Rivera Alonso DF, MF 1 0 0
31%
447 Héctor Bellerín DF, MF 9 0 2
31%
200 Igor Zubeldia DF, MF 28 0 0
31%
374 Irvin Cardona MF, FW 16 1 1
31%
35 Jorge de Frutos MF, FW 36 6 3
31%
75 Juan Cruz MF, FW 34 5 4
31%
532 Juan Musso GK 2 0 0
31%
205 Ladislav Krejčí DF 28 2 0
31%
58 Lucas Torró MF 35 3 0
31%
100 Luis Milla MF 33 1 4
31%
19 Luis Rioja MF, FW 37 5 3
31%
61 Marash Kumbulla DF 35 3 0
31%
256 Marc Bartra DF, MF 25 2 1
31%
430 Marc Cardona DF, MF, FW 11 0 0
31%
147 Marcos Alonso DF, MF 31 3 0
31%
411 Mouctar Diakhaby DF 13 2 0
31%
258 Munir El Haddadi MF, FW 25 4 0
31%
324 Pere Milla MF, FW 20 3 0
31%
66 Sergi Cardona DF 35 1 7
31%
504 Stole Dimitrievski GK 4 0 0
31%
441 Unai Núñez DF 10 0 0
31%
90 Vicente Guaita GK 34 0 0
31%
404 William Carvalho MF 14 0 0
31%
326 Adrián GK 19 0 0
29%
321 Allan Nyom DF, MF 20 1 2
29%
213 Bryan Zaragoza MF, FW 27 1 6
29%
265 Carles Aleñá MF, FW 24 0 2
29%
233 Iñigo Ruiz de Galarreta MF 26 0 4
29%
59 Lucien Agoume MF 35 1 3
29%
424 Marcão DF 12 0 0
29%
78 Mikel Jauregizar MF 34 2 1
29%
257 Mikel Vesga MF 25 0 0
29%
79 Nahuel Tenaglia DF 34 2 1
29%
316 Nayef Aguerd DF 21 0 0
29%
259 Oriol Romeu MF 25 0 0
29%
284 Pablo Marín MF, FW 23 1 2
29%
85 Pep Chavarría DF, MF, FW 34 0 1
29%
170 Pol Lozano MF 30 0 1
29%
289 Umar Sadiq FW 23 5 0
29%
134 Williot Swedberg MF, FW 32 4 5
29%
307 Youssouf Sabaly DF 22 0 1
29%
174 Yuri Berchiche DF, FW 30 0 2
29%
290 Adrià Altimira DF, MF, FW 22 0 0
26%
177 Aitor Ruibal DF, MF, FW 29 1 3
26%
415 Alfonso Pedraza DF, MF, FW 12 0 2
26%
518 Álvaro Odriozola DF 2 0 0
26%
108 Antonio Sivera GK 32 0 0
26%
264 Borja Mayoral FW 24 5 1
26%
196 Carl Starfelt DF 28 1 0
26%
50 Catena DF 35 1 3
26%
228 Donny van de Beek MF, FW 26 2 2
26%
509 Jacobo Ramón DF 3 1 0
26%
496 Jan Salas MF, FW 4 0 0
26%
33 Jesús Areso DF 36 0 3
26%
146 Kike Salas DF 31 3 2
26%
488 Nacho Vidal DF 5 0 0
26%
83 Óscar Valentín MF 34 0 0
26%
238 Pablo Fornals MF, FW 26 2 0
26%
270 Randy Nteka MF, FW 24 3 0
26%
544 Raúl de Tomás FW 2 0 0
26%
104 Raúl Moro MF, FW 33 4 5
26%
342 Reinildo Mandava DF, MF 19 0 0
26%
65 Santi Comesaña MF 35 4 2
26%
130 Sergi Altimira MF 32 0 1
26%
105 Abde Ezzalzouli MF, FW 32 2 2
24%
262 Abdón Prats MF, FW 24 2 0
24%
43 Abel DF 35 2 0
24%
346 Adnan Januzaj MF, FW 18 2 1
24%
92 Ander Guevara MF 33 0 1
24%
329 Carlos Dominguez DF 19 0 0
24%
49 Carmona DF, MF 35 0 0
24%
393 César Azpilicueta DF, MF 14 1 0
24%
179 Dani Raba MF, FW 29 8 6
24%
95 Diego Rico DF 33 0 3
24%
419 Eric Bailly DF 12 0 0
24%
420 Hugo Guillamón DF, MF 12 0 0
24%
572 Israel Domínguez FW 1 0 0
24%
495 Iván Villar GK 4 0 0
24%
163 Jaime Mata MF, FW 30 0 0
24%
253 Joan Jordán MF 25 5 2
24%
98 Jon Guridi MF, FW 33 3 1
24%
269 Juanmi MF, FW 24 0 0
24%
145 Karl Jakob Hein GK 31 0 0
24%
466 Leo Román GK 7 0 0
24%
537 Lucas Ocampos MF, FW 2 0 1
24%
148 Martin Valjent DF 31 3 0
24%
341 Óscar Trejo MF, FW 19 1 0
24%
366 Pau Navarro DF 17 0 0
24%
286 Roberto Navarro MF, FW 23 1 0
24%
431 Ruben Vargas MF, FW 11 2 1
24%
515 Sergi Dominguez DF 3 0 0
24%
303 Sheraldo Becker MF, FW 22 2 1
24%
318 Takuma Asano MF, FW 21 2 1
24%
432 Thierry Correia DF 11 0 0
24%
293 Aritz Elustondo DF 22 0 0
21%
157 Beñat Prados DF, MF 30 1 0
21%
471 Dani Cárdenas GK 6 0 0
21%
296 Domingos Duarte DF 22 1 0
21%
139 Dominik Greif GK 31 0 0
21%
333 Ezequiel Ávila MF, FW 19 2 0
21%
472 Gonzalo Montiel DF 6 0 0
21%
373 Iñigo Lekue DF, MF, FW 16 0 0
21%
396 Jon Pacheco DF 14 0 0
21%
204 Kiko Femenía DF, FW 28 0 1
21%
77 Miguel MF, FW 34 1 3
21%
127 Omar Mascarell DF, MF 32 1 0
21%
189 Scott McKenna DF 29 0 0
21%
287 Sergio Camello FW 23 3 2
21%
478 Tanguy Nianzou DF 6 0 0
21%
223 Yaser Asprilla MF, FW 27 3 1
21%
44 Adri Embarba MF, FW 35 1 1
19%
369 Alfonso Espino DF 16 0 1
19%
322 Anastasios Douvikas FW 20 3 1
19%
323 Andoni Gorosabel DF 20 0 2
19%
371 Asier Villalibre FW 16 1 1
19%
245 Chidera Ejuke MF, FW 25 2 1
19%
246 Copete DF 25 0 0
19%
158 Darko Brašanac MF, FW 30 1 2
19%
331 Edu Expósito MF 19 0 2
19%
248 Eray Cömert DF, MF 25 0 0
19%
529 Iker Benito MF, FW 2 0 0
19%
203 Juanmi Latasa FW 28 3 0
19%
399 Marc Roca MF 14 2 2
19%
375 Maroan Sannadi FW 16 1 1
19%
283 Orri Steinn Óskarsson FW 23 3 0
19%
219 Pablo Durán DF, MF, FW 27 4 4
19%
208 Pablo Ibáñez MF 28 1 1
19%
241 Ramón Terrats DF, MF, FW 26 4 1
19%
128 Raúl MF, FW 32 4 0
19%
381 Suso MF, FW 16 0 2
19%
133 Valentin Rosier DF, MF 32 1 2
19%
306 Walid Cheddira FW 22 1 1
19%
505 Abdoulaye Keita MF, FW 3 0 0
17%
263 Abdul Mumin DF 24 2 1
17%
492 Akor Adams FW 4 0 0
17%
481 Alex Padilla GK 5 0 0
17%
327 Alex Sola DF, MF, FW 19 0 1
17%
370 Álvaro Aguado MF 16 0 1
17%
556 Arnau Solà MF 1 0 0
17%
358 Bojan Miovski FW 17 2 1
17%
215 Dario Essugo MF 27 1 0
17%
312 Fernando Calero DF, MF 21 1 0
17%
494 Fran Vieites GK 4 0 0
17%
298 Gerard Gumbau MF 22 0 1
17%
429 Ilias Akhomach MF, FW 11 1 0
17%
474 Jesús Owono GK 6 0 0
17%
17 Jofre MF, FW 37 3 3
17%
449 Joseph Aidoo DF 9 0 0
17%
475 Juan Soriano GK 6 0 0
17%
397 Julen Agirrezabala GK 14 0 0
17%
450 Kelechi Iheanacho MF, FW 9 0 0
17%
386 Kike Barja MF, FW 15 0 1
17%
536 Lorenzo Aguado DF 2 0 0
17%
236 Moussa Diarra DF 26 0 0
17%
539 Nabil Fekir MF, FW 2 0 1
17%
460 Peio Canales MF, FW 8 0 0
17%
220 Portu DF, MF, FW 27 1 2
17%
261 Santiago Mouriño DF 25 0 1
17%
585 Sergio Arribas DF 1 0 0
17%
413 Tajon Buchanan DF, MF, FW 13 1 2
17%
176 Abdel Abqar DF 29 0 1
14%
224 Alfon MF, FW 26 5 2
14%
356 Álvaro djaló FW 17 1 0
14%
406 Amath Ndiaye MF, FW 13 0 1
14%
382 Arthur Melo MF 15 0 0
14%
521 Chema MF 2 0 0
14%
383 Cucho MF, FW 15 5 1
14%
350 Darwin Machís MF, FW 18 0 1
14%
361 Enzo Loiodice MF 17 0 0
14%
52 Isaac Palazón Camacho MF, FW 35 4 4
14%
352 Jorge Herrando DF 18 1 0
14%
268 Juan Bernat DF, MF, FW 24 0 2
14%
423 Juma Bah DF 12 0 0
14%
451 Manu Bueno MF, FW 9 1 0
14%
280 Manu Morlanes MF 23 0 0
14%
209 Romain Perraud DF, FW 28 2 2
14%
272 Selim Amallah MF, FW 24 3 1
14%
379 Sergi Guardiola MF, FW 16 0 0
14%
288 Sergio Carreira DF, MF 23 0 4
14%
402 Toni Lato DF, MF 14 0 0
14%
175 Yvan Neyou MF 30 1 1
14%
135 Adrià Pedrosa DF, MF 31 1 1
12%
291 Albert Sambi Lokonga MF 22 0 2
12%
211 Alejo Véliz FW 27 1 0
12%
469 André Ferreira GK 6 0 0
12%
506 Arsen Zakharyan MF, FW 3 1 0
12%
433 Assane Diao MF, FW 10 1 2
12%
310 Beñat Turrientes MF 21 0 0
12%
427 Cenk Özkacar DF 11 0 0
12%
522 Daley Sinkgraven DF, MF, FW 2 0 0
12%
407 Dinko Horkaš GK 13 0 0
12%
435 Facundo Garcés DF 10 0 0
12%
267 Hugo Sotelo MF 24 0 0
12%
336 Jhon Solis MF 19 1 0
12%
421 Jonathan Bamba MF, FW 12 0 1
12%
337 Juan Berrocal DF 19 0 0
12%
422 Juanpe DF 12 0 0
12%
438 Marc Domenech MF, FW 10 0 0
12%
547 Unai Marrero GK 2 0 0
12%
390 Yarek Gasiorowski DF 15 0 0
12%
453 Abderrahman Rebbach MF, FW 8 0 0
10%
345 Adama Boiro DF, FW 18 0 0
10%
347 Alejandro Francés DF 18 0 0
10%
443 Aleksandar Sedlar DF, MF 9 0 0
10%
226 Anuar MF, FW 26 2 0
10%
359 Brian Oliván DF 17 0 1
10%
348 Carlos Benavídez MF 18 1 1
10%
197 Diego FW 28 3 0
10%
295 Diego Conde GK 22 0 1
10%
418 Enric Franquesa DF, FW 12 1 0
10%
408 Florian Grillitsch DF, MF 13 0 0
10%
299 Iker Losada MF, FW 22 1 0
10%
574 Javier Llabrés MF, FW 1 0 0
10%
334 Jesús Santiago MF 19 0 0
10%
278 Jorge Sáenz DF 23 1 0
10%
339 Juan Herzog DF 19 0 0
10%
499 Karl Etta MF, FW 4 1 0
10%
184 Mamadou Sylla MF, FW 29 5 1
10%
234 Matija Nastasić DF 26 1 0
10%
461 Sébastien Haller FW 8 0 0
10%
368 Sergi Canós DF, MF, FW 17 0 1
10%
545 Sergio Viera MF 2 0 0
10%
468 Valentín Barco DF, MF, FW 7 0 0
10%
222 Viktor Tsyhankov MF, FW 27 2 5
10%
344 Willy Kambwala DF 19 0 0
10%
442 Yan Diomandé MF, FW 10 2 1
10%
462 Yoel Lago DF 8 0 1
10%
193 Álvaro Tejero DF, MF 28 1 4
7%
416 Antonio Candela DF 12 0 0
7%
294 Bertuğ Yıldırım FW 22 1 0
7%
526 Etienne Eto'o FW 2 0 0
7%
465 Franco Cervi DF, MF 7 0 0
7%
446 Gabriel Osei Misehouy MF, FW 9 1 0
7%
484 Henrique DF, FW 5 0 0
7%
485 Hugo Novoa DF, MF, FW 5 0 0
7%
530 Iker Córdoba DF 2 0 0
7%
486 Ismael Bekhoucha DF, MF 5 0 0
7%
510 Javi Martón MF, FW 3 0 0
7%
498 John Joe MF, FW 4 0 0
7%
398 Julián Chicco DF, MF 14 0 1
7%
533 Kenedy DF, MF, FW 2 0 0
7%
301 Marcos André MF, FW 22 1 2
7%
501 Max Aarons DF 4 0 0
7%
439 Mihailo Ristić DF, MF 10 0 1
7%
502 Nicolás Serrano MF, FW 4 0 0
7%
304 Tomás Conechny MF, FW 22 1 0
7%
191 Viti DF 29 0 2
7%
405 Adam Aznou DF 13 0 0
5%
454 Álvaro Pascual FW 8 1 0
5%
434 Duk MF, FW 10 0 0
5%
531 Jon Magunazelaia MF 2 0 0
5%
254 José Campaña MF 25 0 3
5%
74 José Luis García Vayá MF 34 2 2
5%
315 Lucas Oliveira Rosa DF 21 0 1
5%
282 Marvin DF, FW 23 0 0
5%
376 Mateu Morey DF, MF 16 0 0
5%
302 Olasagasti MF 22 1 1
5%
377 Pau Cabanes MF, FW 16 1 0
5%
582 Pejiño FW 1 0 0
5%
240 Peque MF, FW 26 1 1
5%
546 Siebe Van Der Heyden DF, MF 2 0 0
5%
401 Stefan Bajcetic DF, MF 14 1 0
5%
380 Stoichkov MF, FW 16 0 1
5%
586 Tadeo Allende MF, FW 1 0 0
5%
414 Tamás Nikitscher DF, MF 13 0 0
5%
480 Alberto Risco MF, FW 5 0 0
2%
483 Ángel Ortíz DF 5 0 1
2%
445 Arkaitz Mariezkurrena MF, FW 9 2 0
2%
558 Borna Barišić DF 1 0 0
2%
456 Chiquinho DF, MF, FW 8 0 0
2%
523 Daniel Luna MF 2 0 0
2%
562 Daniel Yáñez FW 1 0 0
2%
563 Darío Fuentes DF 1 0 0
2%
458 Germán Valera MF, FW 8 0 0
2%
409 Jailson Siqueira DF, MF 13 0 0
2%
436 Javier Manquillo DF 10 0 0
2%
385 José Arnaiz MF, FW 15 0 0
2%
437 José Gragera DF, MF 10 0 0
2%
487 Justin Smith MF 5 0 0
2%
206 Manuel Fuster MF, FW 28 2 1
2%
477 Mateo Flores MF 6 0 0
2%
467 Nabil Aberdin DF, MF 7 0 0
2%
188 Óscar Rodríguez Arnaiz MF, FW 29 1 4
2%
400 Stanis Idumbo MF, FW 14 1 1
2%
242 Stanko Jurić MF 26 0 0
2%
403 Víctor Meseguer MF 14 0 0
2%
549 Aboubacar Bassinga MF 1 0 0
0%
479 Adrian Baquerin FW 5 0 0
0%
550 Adrian Niño FW 1 0 0
0%
552 Aingeru Olabarrieta FW 1 0 0
0%
493 Andy Pelmard DF 4 0 0
0%
225 Antoniu MF, FW 26 0 1
0%
555 Arnau Rafús GK 1 0 0
0%
520 Carlos Guirao MF 2 0 0
0%
560 Daniel Requena MF 1 0 0
0%
564 David Argüelles MF 1 0 0
0%
565 David Otorbi MF 1 0 0
0%
566 Diego Iturralde DF, FW 1 0 0
0%
567 Endika Buján FW 1 0 0
0%
571 Iago Parente DF 1 0 0
0%
508 Ibrahim Alani MF 3 0 0
0%
528 Iker Almena DF, FW 2 0 1
0%
448 Ivan Jaime Pajuelo MF 9 0 0
0%
255 Juan Cruz Armada DF 25 0 0
0%
511 Kim Minsu MF, FW 3 0 0
0%
534 Krapyvtsov Vladyslav GK 2 0 0
0%
535 Leandro Antonetti FW #N/B 2 0 0
0%
577 Luken Beitia DF 1 0 0
0%
538 Mario Maroto MF 2 0 1
0%
500 Martín Tejón DF, MF 4 0 0
0%
578 Mateo Mejía FW 1 0 0
0%
579 Maximiliano Caufriez DF 1 0 0
0%
540 Naci Ünüvar MF, FW 2 0 0
0%
452 Pica DF 9 0 0
0%
489 Rafael Bauza MF 5 0 0
0%
543 Raúl Chasco DF 2 0 0
0%
583 Rodrigo Abajas DF 1 0 0
0%
584 Roger Hinojo DF 1 0 0
0%
503 Silvi Clúa MF 4 0 0
0%
587 Thiago Ojeda MF 1 0 0
0%
588 Valentín Pezzolesi DF 1 0 0
0%
No matching quizzes found
Score Distribution
Percent of People with Each Score
Percentile by Number Answered
Your Score History
You have not taken this quiz